| 000 | 00743nam a22002417a 4500 | ||
|---|---|---|---|
| 003 | LK-CoMWRAF | ||
| 005 | 20231106174122.0 | ||
| 008 | 231106b1988 |||||||| |||| 00| 0 eng d | ||
| 020 | _a0684842319 | ||
| 040 |
_aLK-CoMWRAF _dLK-CoMWRAF _eLK-CoMWRAF |
||
| 041 | _aeng | ||
| 082 |
_a613.04 _bBOS |
||
| 110 | _aThe Boston Women's Health Book Collective | ||
| 245 |
_aOur bodies, ourselves for the new century : _ba book by and for women |
||
| 250 | _aNewly revised and updated | ||
| 260 |
_aNew York: _bSimon & Schuster, _c1998 |
||
| 300 |
_a 780 p. : ill. ; 28 cm. _bIndex included. |
||
| 490 | _aA Touchstone book | ||
| 650 | _aWOMEN-Health and hygiene | ||
| 650 | _aWomen--Diseases. | ||
| 650 | _aWomen--Psychology. | ||
| 942 | _cBK | ||
| 999 |
_c4058 _d4058 |
||